000 03938nam a22004217a 4500
005 2012011608448.0
010 _aB-476590-606
020 _a8121932939
_c99.00
020 _a9788121932936
_c99.00
035 _aB-476590-606
037 _aDPL
_bBlue Berry/Ven
082 _a531.6
100 _aWhyman, Kathryn
_952447
245 _aForces In Action /
_cby Kathryn Whyman
260 _aNew Delhi
_bS. Chand
_c2010
270 _a7361, Ram Nagar, Qutab Road,
_bNew Delhi
_e110055
_k23672080-81-82
_l011-23677446
_minfo@schandgroup.com
300 _a32p.
_bCol.ill
_c29 cm (pbk)
490 _aScience World
_952448
942 _2ddc
_cCH
_mWHY
_h531.6
999 _c61260
_d61260